• 首页
  • 本馆介绍
  • 公告通知
  • 最新文献
  • 馆藏检索
  • 电子资源
  • 读者导购
  • 参考咨询
  • 我的图书馆
  • 登录
  • 详细信息显示
  • 放入我的书架
  • 预约/预借图书
  • 作者相关作品
  • 分类相关作品
  • 丛书相关作品
  • 出版社相关作品

书目信息

  • 表格格式
  • 工作单格式
  • 卡片格式
题名:
古文今译技巧
    
 
作者: 吴其宽 著
分册:  
出版信息: 上海   上海人民出版社  1996.2
页数: 440页
开本: 32开
丛书名:
单 册:
中图分类: H159
科图分类:
主题词: 汉语--翻译
电子资源:
ISBN: 7-208-02034-5
000 00534nam0 2200205 45
001 0005121046
005 20031219104045.2
010    @a7-208-02034-5@dCNY18.80
100    @a20000512d1996 km y0chiy0120 ea
101    @achi
105    @a z 000yy
200 1  @a古文今译技巧@f吴其宽,吴瑞华著
210    @a上海@c上海人民出版社@d1996.2
215    @a440页@d32开
300    @a书末附:《大学语文》古文新译
606 0  @a汉语@x翻译
690    @aH159@v1
701    @a吴其宽@4著
801    @aCN@bTSTC@c20000512
905    @f1@b288420@dH159@e252
    
    古文今译技巧/吴其宽,吴瑞华著.-上海:上海人民出版社,1996.2
    440页;32开
    书末附:《大学语文》古文新译
    
    ISBN 7-208-02034-5:CNY18.80
    
●
相关链接 在E读中查询图书 在五车中查询图书 在当当中查询图书 在豆瓣中查询图书


正题名:古文今译技巧     索取号:H159/252         预约/预借

序号 登录号 条形码 馆藏地/架位号 状态 备注
1 0288420   002884203   第二样本阅览室/ [索取号:H159/252] 在馆    
唐山师范学院图书馆 欢迎您!
大连网信软件有限公司© 版权所有